LDR 00787naa#a2200169#i#450# 001 EN\\bibl\19495 005 20260516094247.6 100 ## _a20260515b2026####ek#y0engy0150####ca 102 ## _aRU 200 1# _aEXPERIENCE IN GRAFTING CONIFEROUS INTRODUCERS OF THE GENUS PINUS IN THE NURSERY OF THE VORONEZH REGION _eConference article/thesis 210 1# _aVoronezh _cFSBE Institution of Higher Education Voronezh State University of Forestry and Technologies named after G.F. Morozov _d2026 215 ## _a8 с. 608 ## _aConference article/thesis _2local 675 ## _aДекоративные растения для парков и общественных садов. 635.925 _aПитомники. 635.037 _z 700 #1 _aTikhonova-Latinskaia _gL. A. 700 #1 _aTseplyaev _gAleksey N. 856 4# _abibl.vgltu.ru _u